Herzog

Bibliographic Details
Main Author: Below, Saul (Author)
Other Authors: Fridrichovský, Marian (Translator), Lenko, Július, 1914-2000 (Translator), Bothová-Hegedüsová, Zuzana (Author of introduction, etc.)
Format: Book
Language:Slovak
PhysicalDescription:337, [2] s. 8°
Published: Bratislava Tatran 1968
Series:Knižnica svetových bestsellerov zv. 1

MARC

LEADER 00000nam a2200000 a 4500
001 vtls001265510
003 SK-MaSNL
005 20260301234549.0
008 250312s1968 xo slo
035 |a SNK000216440 
035 |a urn:nbn:sk:snk-amlqv3 
035 |a urn:nbn:sk:snk-am00c2tk 
035 |a 675CBF78-423E-4EB6-BDCF-861ED91DE18B 
040 |a SNK  |b slo  |c SNK  |e AACR2 
041 0 |a slo 
044 |a xo  |c SK 
100 1 |a Below, Saul  |4 aut  |9 630745 
245 1 0 |a Herzog  |c Saul Below ; prel. Marian Fridrichovský ; doslov nap. Zuzana Bothová ; verše prebás. Július Lenko 
246 1 0 |a Herzog 
260 |a Bratislava  |b Tatran  |c 1968 
300 |a 337, [2] s.  |c 8° 
490 1 |a Knižnica svetových bestsellerov  |v zv. 1 
700 1 |a Fridrichovský, Marian  |4 trl  |9 339951 
700 1 |a Lenko, Július,  |d 1914-2000  |4 trl  |9 105440 
700 1 |a Bothová-Hegedüsová, Zuzana  |4 aui  |9 223554 
852 |a Slovenská národná knižnica 
958 |a RK 
958 |a OND 
999 |c 970669  |d 972599 
952 |a SNK  |b SNK  |y PREZ  |7 0  |p 17A0862875  |o snkSD 34172  |0 0  |1 0  |4 0  |d 2013-08-09  |f 1  |l 0  |r 2026-02-24 10:49:51  |w 2026-02-24 
952 |t P60, <03>, [BOOK], {603}  |a SNK  |b SNK  |y PREZ  |7 0  |o snkSD 34172  |i snkKSP 296/69  |0 0  |1 0  |4 0  |d 1996-11-07  |l 0  |r 2005-01-01 00:00:00  |w 2026-02-24 
952 |t P60, <04>, [BOOK], {604}  |a SNK  |b SNK  |y VYP  |7 0  |p 17A0172616  |o snkSD 34172 D1  |i snkKSP 297/69  |0 0  |1 0  |4 0  |d 1996-11-07  |l 0  |r 2005-01-01 00:00:00  |w 2026-02-24